|
|
|
|
| LEADER |
00000cam a2200000 7i4500 |
| 001 |
0000278221 |
| 005 |
20210121093754.0 |
| 020 |
|
|
|a 9789673802159
|
| 090 |
0 |
0 |
|a JF
|b SIT
|
| 100 |
0 |
|
|a Siti Rusilawati Yusof
|
| 245 |
1 |
0 |
|a Tandas duduk dan tandas cangkung
|c Siti Rusilawati Yusof
|
| 260 |
|
|
|a Butterworth, Penang :
|b Mega Publications ,
|c 2020
|
| 300 |
|
|
|a 34p. :
|b ill. ;
|c 26cm.
|
| 490 |
0 |
|
|a Siri tandas sejahtera
|
| 650 |
|
0 |
|a Children's stories, Malay
|
| 650 |
|
0 |
|a Public toilets
|
| 650 |
|
0 |
|a Toilet training
|
| 650 |
|
0 |
|a Toilets
|
| 999 |
|
|
|a 00377408
|b BUKU
|c PINJAMAN
|e PERPUSTAKAAN KOMUNITI CAW KOTA DAMANSARA
|